Missing Word: Superbad Cast Quiz Stats

Quiz Updated Aug 6, 2015

Challenge
Share
Tweet
Embed
Score 0/20 Timer 04:00
0 Plays Today
Hint Answer % Correct
Seth RogenVirgin
98.6%
Bill HaderChance
98.1%
Jonah HillJump
98%
Bill HaderUp
96.7%
Bill HaderMuseum
96.7%
Seth RogenGreen
95.4%
Bill HaderBlack
95.1%
Jonah HillTrain
94.8%
Jonah HillWolf
92.4%
Seth RogenAnchorman
91.7%
Hint Answer % Correct
Bill HaderForgetting
85.6%
Michael CeraPilgrim
84.1%
Jonah HillGreek
76.3%
Michael CeraEnd
76%
Seth RogenMonsters
70.6%
Michael CeraOne
68.6%
Michael CeraInfinite
61.1%
Jonah HillPeople
56.3%
Seth RogenReport
50.7%
Michael CeraConfessions
50.3%

Today's Daily Dose

You're not logged in!

Compare scores with friends on all Sporcle quizzes.
Sign Up with Email
OR
Log In

You Might Also Like...

Show Comments

Extras

Top Quizzes Today


Score Distribution

Your Account Isn't Verified!

In order to create a playlist on Sporcle, you need to verify the email address you used during registration. Go to your Sporcle Settings to finish the process.